000 00202nam a22000857a 4500
008 161202b xxu||||| |||| 00| 0 eng d
100 _91756
_aGammel. H
245 _aThe gujjar
260 _aNew delhi
_bCBT
_c2011
999 _c4465
_d4465